| 000 | 00466cam a2200169ua 4500 | ||
|---|---|---|---|
| 020 |
_a0 67 100382 7 _c161.59 |
||
| 041 |
_aeng _h |
||
| 082 |
_a005.133 _bGRA/TU |
||
| 100 | _aGrady, M Tim . | ||
| 245 |
_aTURBO C ! : Programming principles and practices / _cM Tim Grady. _hTextual Documents |
||
| 260 |
_aNew York : _bMcGraw Hill Book Company , _c1989. |
||
| 300 | _a396 ; . | ||
| 365 | _a161.59 | ||
| 504 | _a | ||
| 942 | _cBK | ||
| 999 |
_c9514 _d9514 |
||